Представление документа в формате MARC21

Поле Инд. ПП Название Значение
Тип записи a
Библиографический уровень m
001 Контрольный номер 57cdf6a8ec064716bc100a7ca2662e3d
005 Дата корректировки 20251128110022.6
020 a ISBN 978-5-7995-1419-8
040 b Код языка каталог. rus
e Правила каталог. PSBO
041 0_ a Код языка текста rus
084 a Индекс другой классификации/Индекс ББК Ч48л
090 a Полочн. индекс Ч48
x Авторский знак О-26
097 b Оператор *Ви*
245 10 a Заглавие Обучение иностранцев в вузе: традиционные аспекты, инновации и лучшие практики
b Продолж. заглавия материалы Международной научной конференции (Тверь, 25 апреля 2025 г.)
c Ответственность под редакцией Ф.Н. Абу-Абеда, Е.А. Жителевой
c Ответственность Тверской государственный технический университет
260 a Место издания Тверь
b Издательство ТвГТУ
c Дата издания 2025
300 a Объем 156 с.
516 8_ a Прим. о типе комп. файла/ данных Текст : электронный
520 0_ a Аннотация Затронуты вопросы подготовки иностранных специалистов в российских вузах на этапах предвузовского и профессионального обучения, а также проблемы администрирования и организации учебно-воспитательного процесса и адаптационных мероприятий, проводимых для обучающихся, приехавших из-за рубежа. Сборник структурирован тематически и включает доклады по актуальным направлениям международной деятельности вуза в сфере привлечения и обучения иностранных студентов, теории и методики преподавания русского языка как иностранного и профессионально ориентированной подготовки иностранных студентов на русском и иностранном языках. Отражены профессиональные интересы преподавателей и сотрудников вузов, чья научная, учебная или организационная деятельность связана с проблемами организации международного сотрудничества, осуществления межкультурного взаимодействия, преподавания иностранных языков и русского языка как иностранного, обучения иностранных студентов. Ответственность за достоверность представленной в статьях информации несут авторы.
535 1_ a Хранилище Сервер
653 0_ a Ключевые слова Обучение иностранцев
a Ключевые слова Обучение в вузе
a Ключевые слова Довузовская подготовка
a Ключевые слова Подготовка специалистов
a Ключевые слова Иностранные студенты
a Ключевые слова Русский язык как иностранный
a Ключевые слова Методика преподавания
655 07 a Жанр/ форма (устаревшее) Н
900 a Имя макрообъекта 001-000188200-000000000-0000-0000-01
901 t Тип документа s
905 b Дата создания записи обработка 01.09.25
951 i EL-ТГТУ? Да
990 h N записи в КСУ для Б/У (DOS) 65/2025э